|
|
|
|
| LEADER |
01966nam a2200337 a 4500 |
| 001 |
0017159 |
| 003 |
BD-DhAAL |
| 005 |
20250519095606.0 |
| 008 |
090804r1978 enkab b 001 0 eng d |
| 010 |
|
|
|a 2004015939
|
| 020 |
|
|
|a 0140138366
|
| 040 |
|
|
|a DLC
|c DLC
|d DLC
|d BD-DhAAL
|
| 082 |
0 |
0 |
|a 909.8254
|2 22
|
| 100 |
1 |
|
|a Spear, Percival.
|9 44995
|
| 245 |
1 |
2 |
|a A history of India,
|n volume two /
|c Percival Spear.
|
| 260 |
|
|
|a London ;
|a New Delhi :
|b Penguin Books,
|c 1978, 1990 [seventeenth impression 2003].
|
| 300 |
|
|
|a 298 pages :
|b illustrations, maps ;
|c 20 cm
|
| 362 |
|
|
|a Vol. 2
|
| 504 |
|
|
|a Includes bibliographical references (pages 271-284) and index.
|
| 526 |
|
|
|a ENH
|x Prof. Syed Manzoorul Islam
Faculty Member of BRAC University
|
| 541 |
1 |
|
|a Friends' Book Corner,
Donated By Akbar Ali Khan,
Donated By Rebecca Dipa Khan
|e 17159, 39518, 42299
|
| 650 |
|
0 |
|a History, Modern
|y 20th century.
|9 44996
|
| 650 |
|
0 |
|a History, Modern
|y 21st century.
|9 44997
|
| 700 |
1 |
|
|a Grenville, J. A. S.
|q (John Ashley Soames),
|d 1928-
|t History of the world in the twentieth century.
|9 44998
|
| 852 |
4 |
|
|a Ayesha Abed Library
|c General Stacks
|
| 942 |
|
|
|2 ddc
|c BK
|
| 999 |
|
|
|c 3075
|d 3075
|
| 952 |
|
|
|0 0
|1 4
|2 ddc
|4 0
|6 909_825400000000000_SPE
|7 0
|9 2787
|a BRACUL
|b BRACUL
|c GEN
|d 2011-01-18
|e Friends' Book Corner
|g 590.00
|l 0
|o 909.8254 SPE
|p 3010017159
|r 2009-08-30
|t 1
|v 1180.00
|y BK
|x Koha Inventory 2020 ; Requisitioned by Prof. Syed Manzoorul Islam (Faculty Member of BRAC University).
|
| 952 |
|
|
|0 0
|1 0
|2 ddc
|4 0
|6 909_825400000000000_SPE
|7 0
|9 54578
|a SCL
|b SCL
|c GEN
|d 2015-06-28
|l 5
|m 24
|o 909.8254 SPE
|p 3020007704
|r 2022-10-31
|s 2022-10-27
|t 2
|w 2015-06-28
|y BK
|
| 952 |
|
|
|0 0
|1 0
|2 ddc
|4 0
|6 909_825400000000000_SPE
|7 1
|9 72113
|a BRACUL
|b BRACUL
|c CS1
|d 2022-10-18
|e Donated by Akbar Ali Khan
|l 0
|o 909.8254 SPE
|p 3010039518
|r 2022-10-18
|t 3
|w 2022-10-18
|y BK
|
| 952 |
|
|
|0 0
|1 0
|2 ddc
|4 0
|6 909_825400000000000_SPE
|7 0
|9 75184
|a BRACUL
|b BRACUL
|c GEN
|d 2024-02-25
|l 0
|o 909.8254 SPE
|p 3010042299
|r 2024-02-25
|t 4
|w 2024-02-25
|y BK
|x 1
|